[Event "2021 FIDE Online Olympiad"]
[Site "Chess.com"]
[Date "2021.08.28"]
[Round "4.6"]
[White "Hwass, Zaineb"]
[Black "Cassidy Maina, Elizabeth"]
[Result "0-1"]
[WhiteElo "1426"]
[BlackElo "1000"]
[PlyCount "54"]
[EventDate "2021.08.27"]
[EventType "team"]
[EventRounds "9"]
[SourceVersionDate "2018.05.14"]
[WhiteTeam "Tunisia"]
[BlackTeam "Kenya"]
[WhiteTeamCountry "TUN"]
[BlackTeamCountry "KEN"]

1. d4 Nf6 2. Bf4 g6 3. e3 Bg7 4. Nd2 d6 5. c3 Nbd7 6. Ngf3 O-O 7. h3 Nh5 8. Bh2
e5 9. g4 Nhf6 10. dxe5 dxe5 11. Nxe5 Nxe5 12. Bxe5 Qd5 13. Nf3 Qc6 14. Rh2 Be6
15. Nd4 Qc5 16. Bf4 Rad8 17. Bg2 Qb6 18. Qc2 Bc4 19. b3 Bd5 20. Bxd5 Nxd5 21.
Bg3 c5 22. Ne2 Nb4 23. cxb4 Qxb4+ 24. Kf1 Bxa1 25. Rh1 Rd2 26. Qc4 Qxc4 27.
bxc4 Rfd8 0-1

[Event "2021 FIDE Online Olympiad"]
[Site "Chess.com"]
[Date "2021.08.28"]
[Round "5.4"]
[White "Madelta, Glenda"]
[Black "Moreno, Akiane"]
[Result "1-0"]
[WhiteElo "1406"]
[BlackElo "1000"]
[PlyCount "37"]
[EventDate "2021.08.27"]
[EventType "team"]
[EventRounds "9"]
[SourceVersionDate "2018.05.14"]
[WhiteTeam "Kenya"]
[BlackTeam "Cape Verde"]
[WhiteTeamCountry "KEN"]

1. d4 d5 2. Nc3 Nf6 3. Bf4 e6 4. e3 Bb4 5. Bd3 O-O 6. Nge2 Re8 7. O-O Nc6 8.
Nb5 a6 9. Nxc7 Bd7 10. Nxa8 Qxa8 11. c3 Be7 12. h3 g5 13. Bxg5 Nh5 14. Bxe7
Nxe7 15. Nf4 Ng7 16. Qf3 Kh8 17. Qg3 Rg8 18. Qh4 Qf8 19. Qxh7# 1-0

[Event "2021 FIDE Online Olympiad"]
[Site "Chess.com"]
[Date "2021.08.28"]
[Round "5.6"]
[White "Gosrani, Naiya"]
[Black "Gomes, Loedi"]
[Result "1-0"]
[WhiteElo "1358"]
[BlackElo "1070"]
[PlyCount "87"]
[EventDate "2021.08.27"]
[EventType "team"]
[EventRounds "9"]
[SourceVersionDate "2018.05.14"]
[WhiteTeam "Kenya"]
[BlackTeam "Cape Verde"]
[WhiteTeamCountry "KEN"]

1. e4 e5 2. Nf3 Nc6 3. Bc4 d6 4. h3 Be6 5. Bb3 Nf6 6. Nc3 Be7 7. O-O O-O 8. Re1
a6 9. d4 exd4 10. Nxd4 Qd7 11. Bf4 Ne5 12. Nxe6 fxe6 13. Bxe5 dxe5 14. Qxd7
Nxd7 15. Bxe6+ Kh8 16. Bxd7 Rad8 17. Rad1 c6 18. Be6 Rxd1 19. Rxd1 Bc5 20. Rd2
g5 21. Na4 Ba7 22. Kf1 Kg7 23. f3 Kg6 24. Bf5+ Kg7 25. Rd7+ Kf6 26. Rxh7 Rd8
27. Rd7 Rxd7 28. Bxd7 Ke7 29. Bf5 b5 30. Nc3 b4 31. Ne2 a5 32. c3 c5 33. Kf2 a4
34. cxb4 cxb4+ 35. Kg3 Bd4 36. Nxd4 exd4 37. Kf2 Kd6 38. Ke2 Kc5 39. Kd3 b3 40.
axb3 axb3 41. g3 Kb4 42. Kxd4 Kb5 43. e5 Kb4 44. e6 1-0

[Event "2021 FIDE Online Olympiad"]
[Site "Chess.com"]
[Date "2021.08.28"]
[Round "5.6"]
[White "Assoum, Nour"]
[Black "Putar, Lara"]
[Result "0-1"]
[WhiteElo "1400"]
[BlackElo "1516"]
[PlyCount "80"]
[EventDate "2021.08.27"]
[EventType "team"]
[EventRounds "9"]
[SourceVersionDate "2018.05.14"]
[WhiteTeam "Lebanon"]
[BlackTeam "Ireland"]
[WhiteTeamCountry "LBN"]
[BlackTeamCountry "IRL"]

1. e4 e6 2. d4 d5 3. exd5 exd5 4. Nf3 Nc6 5. c4 Nf6 6. Bg5 Be7 7. Nc3 dxc4 8.
Bxc4 O-O 9. a3 Bg4 10. Be2 Bxf3 11. Bxf3 Nxd4 12. Bxb7 Rb8 13. Bf3 Rxb2 14. O-O
Nxf3+ 15. Qxf3 c5 16. Rae1 Nd5 17. Bc1 Rb3 18. Qxd5 Rxc3 19. Qb7 Bf6 20. Qxa7
Bd4 21. Rd1 Qf6 22. Bb2 Rc4 23. Bxd4 cxd4 24. Rd3 Rd8 25. Rb1 h6 26. Rf3 Qg6
27. Rd1 Rdc8 28. h3 Rc1 29. Rxc1 Rxc1+ 30. Kh2 Qd6+ 31. Rg3 Rc3 32. Qa8+ Kh7
33. Qe4+ g6 34. f3 d3 35. Qb7 Rc7 36. Qe4 d2 37. f4 d1=Q 38. Qe3 Q1d2 39. Qf3
Q2xf4 40. Qf2 Qxf2 0-1

[Event "2021 FIDE Online Olympiad"]
[Site "Chess.com"]
[Date "2021.08.28"]
[Round "6.6"]
[White "Assoum, Nour"]
[Black "Ahmad Murad, Fatema Alzahraa"]
[Result "0-1"]
[WhiteElo "1400"]
[BlackElo "1568"]
[PlyCount "108"]
[EventDate "2021.08.27"]
[EventType "team"]
[EventRounds "9"]
[SourceVersionDate "2018.05.14"]
[WhiteTeam "Lebanon"]
[BlackTeam "Syria"]
[WhiteTeamCountry "LBN"]
[BlackTeamCountry "SYR"]

1. e4 e6 2. d4 d5 3. exd5 exd5 4. Nf3 Nf6 5. c4 dxc4 6. Bxc4 Bb4+ 7. Nc3 O-O 8.
O-O Bg4 9. h3 Bh5 10. Be3 Nc6 11. g4 Bg6 12. Qb3 Rb8 13. d5 Bxc3 14. dxc6 Ba5
15. Qa3 Bb6 16. Ne5 Be4 17. Rad1 Qe8 18. Nd7 Nxd7 19. cxd7 Qd8 20. Rfe1 Bc6 21.
Bxb6 axb6 22. Qd3 Qf6 23. Qf5 Qh4 24. Re3 Rbd8 25. b4 g6 26. Qe5 Rxd7 27. Rxd7
Bxd7 28. Qxc7 Bc6 29. Qxb6 Qf6 30. Bf1 Qa1 31. b5 Bd5 32. a3 Bc4 33. Qd6 Bxf1
34. Qg3 Bxb5+ 35. Kh2 Bc6 36. f3 Qb2+ 37. Qg2 Qxg2+ 38. Kxg2 Rd8 39. Kg3 Rd4
40. h4 f6 41. Kf2 Rd2+ 42. Kg3 Kf7 43. Kf4 Rd4+ 44. Kg3 Rd6 45. Rc3 Ke6 46.
Re3+ Kd5 47. Re7 Rd7 48. Re3 Kc4 49. Re1 Rd3 50. Rf1 Rxa3 51. Kf4 b5 52. h5
gxh5 53. g5 fxg5+ 54. Kxg5 Rxf3 0-1

[Event "2021 FIDE Online Olympiad"]
[Site "Chess.com"]
[Date "2021.08.28"]
[Round "6.6"]
[White "Alnasser, Tala"]
[Black "Mapaco, Ester Melina Elias"]
[Result "1/2-1/2"]
[WhiteElo "1077"]
[BlackElo "1000"]
[PlyCount "58"]
[EventDate "2021.08.27"]
[EventType "team"]
[EventRounds "9"]
[SourceVersionDate "2018.05.14"]
[WhiteTeam "Jordan"]
[BlackTeam "Mozambique"]
[WhiteTeamCountry "JOR"]
[BlackTeamCountry "MOZ"]

1. d4 d5 2. e3 Nf6 3. Nf3 Nc6 4. a3 g6 5. Nbd2 Bg7 6. Bd3 Bg4 7. h3 Bd7 8. b4
a6 9. Bb2 O-O 10. Ne5 b5 11. O-O Re8 12. f4 Nh5 13. Kh2 e6 14. g4 Nf6 15. f5
exf5 16. Nxc6 Bxc6 17. Qf3 fxg4 18. hxg4 Qd6+ 19. Qf4 Rxe3 20. Qxd6 cxd6 21.
Rf4 Re6 22. Raf1 Bd7 23. g5 Nh5 24. Rxf7 Be8 25. Rc7 Re3 26. Rf3 Re1 27. Rf1
Re3 28. Rf3 Re1 29. Rf1 Re3 1/2-1/2

[Event "2021 FIDE Online Olympiad"]
[Site "Chess.com"]
[Date "2021.08.28"]
[Round "6.1"]
[White "Likoko, Elvis"]
[Black "Baruda, Dabala Fakade"]
[Result "1/2-1/2"]
[WhiteElo "1672"]
[BlackElo "1000"]
[PlyCount "96"]
[EventDate "2021.08.27"]
[EventType "team"]
[EventRounds "9"]
[SourceVersionDate "2018.05.14"]
[WhiteTeam "Kenya"]
[BlackTeam "Ethiopia"]
[WhiteTeamCountry "KEN"]
[BlackTeamCountry "ETH"]

1. e4 e6 2. d3 d5 3. Qe2 dxe4 4. dxe4 g6 5. Nf3 Bg7 6. g3 Ne7 7. Bg2 b6 8. O-O
Bb7 9. Rd1 Qc8 10. c4 Nbc6 11. Nc3 O-O 12. Be3 Ne5 13. Nd4 c5 14. Ndb5 a6 15.
Nd6 Qc7 16. f4 N5c6 17. e5 Rad8 18. Nce4 Nf5 19. Nxf5 exf5 20. Nd6 Ba8 21. Rd2
Qe7 22. Bd5 Nb4 23. Bxa8 Rxa8 24. a3 Nc6 25. Qg2 Na5 26. Rd3 Ra7 27. b4 Nb7 28.
Rad1 Nxd6 29. Rxd6 Rc7 30. bxc5 bxc5 31. Rxa6 Rfc8 32. Qd5 Ra7 33. Bxc5 Rxc5
34. Qd8+ Bf8 35. Qxe7 Rxe7 36. Rd8 f6 37. Raa8 fxe5 38. Rxf8+ Kg7 39. fxe5
Rexe5 40. Rfc8 Re1+ 41. Kg2 Rce5 42. Rc7+ Kh6 43. Raa7 R5e2+ 44. Kf3 Re3+ 45.
Kg2 R3e2+ 46. Kf3 Re3+ 47. Kf4 Re4+ 48. Kf3 R4e3+ 1/2-1/2

[Event "2021 FIDE Online Olympiad"]
[Site "Chess.com"]
[Date "2021.08.28"]
[Round "6.6"]
[White "Lema, Bitaniya Ermiyas"]
[Black "Cassidy Maina, Elizabeth"]
[Result "0-1"]
[WhiteElo "1000"]
[BlackElo "1000"]
[PlyCount "114"]
[EventDate "2021.08.27"]
[EventType "team"]
[EventRounds "9"]
[SourceVersionDate "2018.05.14"]
[WhiteTeam "Ethiopia"]
[BlackTeam "Kenya"]
[WhiteTeamCountry "ETH"]
[BlackTeamCountry "KEN"]

1. e4 c5 2. Nf3 e6 3. Bc4 a6 4. h3 b5 5. Be2 Qc7 6. O-O Nc6 7. d3 Nf6 8. Be3
Be7 9. Ng5 O-O 10. Bg4 Ne5 11. Be2 Bb7 12. Nd2 d5 13. f4 Nc6 14. e5 Nd7 15.
Ndf3 d4 16. Bd2 h6 17. Ne4 Nb6 18. c3 Rad8 19. Qe1 Rd7 20. Qg3 dxc3 21. bxc3 c4
22. d4 Nd8 23. Nf2 Nd5 24. Ng4 Kh7 25. Bd1 Qa5 26. Bc2+ Kh8 27. Qe1 Nc6 28. a4
Qb6 29. Qe4 g6 30. Nxh6 Na5 31. Qe1 Nb3 32. Ra2 Nxd2 33. Nxd2 Nxc3 34. a5 Qc6
35. Be4 Nxe4 36. Nxe4 Qxe4 37. Qf2 Qxd4 38. Qxd4 Rxd4 39. Kh1 Kg7 40. Ng4 Rd3
41. Rc2 Rxh3+ 42. Nh2 Rfh8 43. Kg1 Rxh2 44. Kf2 Bc5+ 45. Ke1 Bb4+ 46. Kd1 Rh1
47. Rxh1 Rxh1+ 48. Ke2 Bxa5 49. Ke3 Re1+ 50. Kf2 Be4 51. Rb2 c3 52. Ra2 c2 53.
Rxa5 c1=Q 54. Rxa6 Qd2+ 55. Kg3 Re3+ 56. Kh4 Qxg2 57. Ra7 Rh3# 0-1

[Event "2021 FIDE Online Olympiad"]
[Site "Chess.com"]
[Date "2021.08.28"]
[Round "6.2"]
[White "Vaz, Jose Carlos"]
[Black "Amdouni, Zoubaier"]
[Result "0-1"]
[WhiteElo "1000"]
[BlackElo "2307"]
[PlyCount "54"]
[EventDate "2021.08.27"]
[EventType "team"]
[EventRounds "9"]
[SourceVersionDate "2018.05.14"]
[WhiteTeam "Cape Verde"]
[BlackTeam "Tunisia"]
[BlackTeamCountry "TUN"]

1. e4 c5 2. Nf3 Nc6 3. d4 cxd4 4. Nxd4 e5 5. Nb5 d6 6. c4 Be7 7. N1c3 a6 8. Na3
Be6 9. Nd5 Bxd5 10. cxd5 Nd4 11. Bd3 Nf6 12. O-O O-O 13. f4 Nd7 14. Kh1 Rc8 15.
Be3 Bf6 16. fxe5 Bxe5 17. Bf4 b5 18. Rc1 Rxc1 19. Qxc1 Nc5 20. Qe3 f5 21. Bxe5
dxe5 22. b4 Nxd3 23. Qxd3 fxe4 24. Rxf8+ Qxf8 25. Qd1 e3 26. h3 e2 27. Qe1 Qf1+
0-1

[Event "2021 FIDE Online Olympiad"]
[Site "Chess.com"]
[Date "2021.08.28"]
[Round "6.4"]
[White "Moreno, Akiane"]
[Black "Miladi, Amen"]
[Result "0-1"]
[WhiteElo "1000"]
[BlackElo "1707"]
[PlyCount "60"]
[EventDate "2021.08.27"]
[EventType "team"]
[EventRounds "9"]
[SourceVersionDate "2018.05.14"]
[WhiteTeam "Cape Verde"]
[BlackTeam "Tunisia"]
[BlackTeamCountry "TUN"]

1. e4 c5 2. Nf3 e6 3. Bc4 a6 4. O-O b5 5. Bb3 c4 6. Nc3 cxb3 7. axb3 Bb7 8. d4
b4 9. Ne2 Bxe4 10. Ne5 Nf6 11. f3 Bb7 12. Nf4 Nc6 13. Ng4 Be7 14. Re1 Nxg4 15.
fxg4 O-O 16. Re3 Qb6 17. Rh3 Qxd4+ 18. Be3 Qxd1+ 19. Rxd1 d5 20. Bd4 Nxd4 21.
Rxd4 e5 22. Rdd3 exf4 23. Rdf3 Bc5+ 24. Kf1 f5 25. gxf5 Rxf5 26. Rh4 a5 27.
Rfh3 Re8 28. Rxh7 Ba6+ 29. c4 bxc3+ 30. Rd3 Bxd3# 0-1

[Event "2021 FIDE Online Olympiad"]
[Site "Chess.com"]
[Date "2021.08.28"]
[Round "6.6"]
[White "Gomes, Loedi"]
[Black "Chihi, Malek"]
[Result "1-0"]
[WhiteElo "1070"]
[BlackElo "1588"]
[PlyCount "33"]
[EventDate "2021.08.27"]
[EventType "team"]
[EventRounds "9"]
[SourceVersionDate "2018.05.14"]
[WhiteTeam "Cape Verde"]
[BlackTeam "Tunisia"]
[BlackTeamCountry "TUN"]

1. e4 e5 2. Bc4 Nf6 3. Nf3 Nc6 4. Ng5 d5 5. exd5 Na5 6. Bb5+ Bd7 7. Bxd7+ Qxd7
8. Nc3 Nxd5 9. Nxd5 Qxd5 10. O-O h6 11. Nf3 Bd6 12. d3 Nc6 13. c4 Qe6 14. Re1
O-O-O 15. Be3 Bb4 16. Re2 Qd7 17. Bxa7 1-0

[Event "2021 FIDE Online Olympiad"]
[Site "Chess.com"]
[Date "2021.08.29"]
[Round "7.4"]
[White "Mahmoud, Roula"]
[Black "Moreno, Akiane"]
[Result "1-0"]
[WhiteElo "1765"]
[BlackElo "1000"]
[PlyCount "67"]
[EventDate "2021.08.27"]
[EventType "team"]
[EventRounds "9"]
[SourceVersionDate "2018.05.14"]
[WhiteTeam "Syria"]
[BlackTeam "Cape Verde"]
[WhiteTeamCountry "SYR"]

1. e4 e5 2. Nf3 Nc6 3. Bc4 Bc5 4. O-O Nf6 5. d3 O-O 6. c3 a6 7. Re1 b5 8. Bb3
a5 9. h3 a4 10. Bc2 Qe7 11. d4 Bd6 12. Bg5 Ba6 13. Nbd2 Qe6 14. d5 Qe7 15. dxc6
dxc6 16. Nf1 Qe6 17. Ng3 Rfe8 18. b3 Nd7 19. bxa4 h6 20. Be3 Qg6 21. axb5 Bxb5
22. Nh4 Qh7 23. Nhf5 Ba3 24. Qxd7 Rad8 25. Qxc7 Rc8 26. Qa5 g6 27. Qxa3 gxf5
28. Nxf5 Re6 29. Ne7+ Kg7 30. Nxc8 Qg6 31. Ne7 Qh5 32. Nf5+ Kh7 33. Qf8 Rg6 34.
Qxf7+ 1-0

[Event "2021 FIDE Online Olympiad"]
[Site "Chess.com"]
[Date "2021.08.29"]
[Round "7.6"]
[White "Ahmad Murad, Fatema Alzahraa"]
[Black "Gomes, Loedi"]
[Result "1-0"]
[WhiteElo "1568"]
[BlackElo "1070"]
[PlyCount "47"]
[EventDate "2021.08.27"]
[EventType "team"]
[EventRounds "9"]
[SourceVersionDate "2018.05.14"]
[WhiteTeam "Syria"]
[BlackTeam "Cape Verde"]
[WhiteTeamCountry "SYR"]

1. d4 d5 2. c4 e6 3. Nc3 Nf6 4. a3 c5 5. Nf3 Nc6 6. Bg5 h6 7. Bh4 g5 8. Bg3
dxc4 9. dxc5 Qxd1+ 10. Rxd1 Bxc5 11. e3 b5 12. Nxb5 Bb6 13. Nd6+ Ke7 14. Bxc4
Rd8 15. O-O Bc5 16. Nb5 Bb6 17. Bd6+ Ke8 18. Bc7 Rxd1 19. Rxd1 Ba6 20. Bxb6
Bxb5 21. Bxb5 axb6 22. Bxc6+ Ke7 23. Bxa8 Ne4 24. Bxe4 1-0

[Event "2021 FIDE Online Olympiad"]
[Site "Chess.com"]
[Date "2021.08.29"]
[Round "7.1"]
[White "Mulugeta, Ashenafi"]
[Black "Zaibi, Amir"]
[Result "0-1"]
[WhiteElo "1000"]
[BlackElo "2336"]
[PlyCount "50"]
[EventDate "2021.08.27"]
[EventType "team"]
[EventRounds "9"]
[SourceVersionDate "2018.05.14"]
[WhiteTeam "Ethiopia"]
[BlackTeam "Tunisia"]
[WhiteTeamCountry "ETH"]
[BlackTeamCountry "TUN"]

1. e4 c5 2. Nf3 e6 3. d4 cxd4 4. Nxd4 Nc6 5. Be3 Nf6 6. Bd3 e5 7. Nb5 d5 8.
exd5 Nxd5 9. Bd2 Bc5 10. O-O O-O 11. N5c3 Ndb4 12. Bc4 Bf5 13. Na3 Qh4 14. Rc1
Rad8 15. Qe1 Nd4 16. Bb3 Rd6 17. Ne2 Rg6 18. Ng3 Nf3+ 19. gxf3 Rxg3+ 20. hxg3
Qxg3+ 21. Kh1 Qxf3+ 22. Kh2 Qh3+ 23. Kg1 Qg4+ 24. Kh2 Qh4+ 25. Kg1 Be4 0-1

[Event "2021 FIDE Online Olympiad"]
[Site "Chess.com"]
[Date "2021.08.29"]
[Round "7.6"]
[White "Chihi, Malek"]
[Black "Lema, Bitaniya Ermiyas"]
[Result "0-1"]
[WhiteElo "1588"]
[BlackElo "1000"]
[PlyCount "50"]
[EventDate "2021.08.27"]
[EventType "team"]
[EventRounds "9"]
[SourceVersionDate "2018.05.14"]
[WhiteTeam "Tunisia"]
[BlackTeam "Ethiopia"]
[WhiteTeamCountry "TUN"]
[BlackTeamCountry "ETH"]

1. e4 e5 2. Nf3 Nc6 3. d4 d6 4. dxe5 Bg4 5. h3 Bxf3 6. Qxf3 Nxe5 7. Qb3 Rb8 8.
Bf4 Nf6 9. Bxe5 dxe5 10. Qb5+ Nd7 11. Nc3 a6 12. Qd3 Bd6 13. Be2 Qg5 14. Qf3
O-O 15. Nd5 c6 16. h4 Qd8 17. Ne3 h6 18. O-O-O Nc5 19. Nf5 Qf6 20. Rxd6 Ne6 21.
g4 Rbd8 22. Rhd1 Rxd6 23. Rxd6 Rd8 24. Rxd8+ Qxd8 25. Qd3 Qxd3 0-1

[Event "2021 FIDE Online Olympiad"]
[Site "Chess.com"]
[Date "2021.08.29"]
[Round "7.4"]
[White "Da Graca, Maria Joaquina"]
[Black "Kanyamarala, Trisha"]
[Result "0-1"]
[WhiteElo "1000"]
[BlackElo "1811"]
[PlyCount "52"]
[EventDate "2021.08.27"]
[EventType "team"]
[EventRounds "9"]
[SourceVersionDate "2018.05.14"]
[WhiteTeam "Mozambique"]
[BlackTeam "Ireland"]
[WhiteTeamCountry "MOZ"]
[BlackTeamCountry "IRL"]

1. e4 c5 2. Nf3 d6 3. h3 Nf6 4. d3 Nc6 5. Be2 e6 6. c3 Be7 7. O-O Qc7 8. Re1 d5
9. exd5 exd5 10. Bf1 O-O 11. a3 h6 12. d4 Be6 13. Nbd2 cxd4 14. Nxd4 Nxd4 15.
cxd4 Qb6 16. Nf3 Ne4 17. Qd3 Rac8 18. Rb1 Bf5 19. Qe3 Rfe8 20. Bd3 Bf6 21. Qf4
Bg6 22. Ra1 Ng5 23. Bxg6 Nxf3+ 24. Qxf3 Rxe1+ 25. Kh2 fxg6 26. Qxd5+ Kh7 0-1

[Event "2021 FIDE Online Olympiad"]
[Site "Chess.com"]
[Date "2021.08.29"]
[Round "7.6"]
[White "Al-Fayyadh, Yamama Asif Abdula"]
[Black "Assoum, Nour"]
[Result "0-1"]
[WhiteElo "1611"]
[BlackElo "1400"]
[PlyCount "62"]
[EventDate "2021.08.27"]
[EventType "team"]
[EventRounds "9"]
[SourceVersionDate "2018.05.14"]
[WhiteTeam "Iraq"]
[BlackTeam "Lebanon"]
[WhiteTeamCountry "IRQ"]
[BlackTeamCountry "LBN"]

1. e4 e5 2. Nf3 Nc6 3. Bb5 Nf6 4. d3 d6 5. c3 a6 6. Ba4 b5 7. Bc2 h6 8. O-O Be7
9. h3 Be6 10. d4 exd4 11. cxd4 Bd7 12. Nc3 O-O 13. a3 Re8 14. e5 Nh7 15. Qd3
Nf8 16. Nd5 dxe5 17. dxe5 Be6 18. Nf4 Qxd3 19. Bxd3 Bc5 20. Nxe6 Nxe6 21. Be4
Ned8 22. Bf4 Rc8 23. Rac1 Nd4 24. Rxc5 Ne2+ 25. Kh1 Nxf4 26. Rfc1 Nde6 27. R5c3
Ne2 28. R1c2 Nxc3 29. Rxc3 Nf4 30. Bb7 Rb8 31. Bxa6 Rb6 0-1

[Event "2021 FIDE Online Olympiad"]
[Site "Chess.com"]
[Date "2021.08.29"]
[Round "8.6"]
[White "Arnelian, Nanor"]
[Black "Mapaco, Ester Melina Elias"]
[Result "1-0"]
[WhiteElo "1305"]
[BlackElo "1000"]
[PlyCount "73"]
[EventDate "2021.08.27"]
[EventType "team"]
[EventRounds "9"]
[SourceVersionDate "2018.05.14"]
[WhiteTeam "Lebanon"]
[BlackTeam "Mozambique"]
[WhiteTeamCountry "LBN"]
[BlackTeamCountry "MOZ"]

1. e4 e5 2. Nf3 Nc6 3. Nc3 Bc5 4. Bb5 f5 5. d3 Nf6 6. O-O O-O 7. Re1 Ng4 8. Rf1
a6 9. Bxc6 dxc6 10. h3 Nf6 11. Nxe5 Bd6 12. Nc4 b5 13. Nxd6 Qxd6 14. Re1 Rd8
15. e5 Qe6 16. exf6 Qxf6 17. Qh5 Bb7 18. Bg5 Qg6 19. Qxg6 hxg6 20. Bxd8 Rxd8
21. Re7 Rc8 22. Rae1 c5 23. Rd7 Bc6 24. Rde7 Kf8 25. R7e6 Bd7 26. Rxg6 b4 27.
Nd5 Bc6 28. Rxc6 Rd8 29. Nxc7 Kg8 30. Re8+ Rxe8 31. Nxe8 Kf7 32. Nd6+ Kg6 33.
Nb7+ Kg5 34. Nxc5 a5 35. d4 g6 36. d5 Kh5 37. d6 1-0

[Event "2021 FIDE Online Olympiad"]
[Site "Chess.com"]
[Date "2021.08.29"]
[Round "8.1"]
[White "Methu, Joseph Muragu"]
[Black "O`Donnell, Conor"]
[Result "1/2-1/2"]
[WhiteElo "1911"]
[BlackElo "2184"]
[PlyCount "47"]
[EventDate "2021.08.27"]
[EventType "team"]
[EventRounds "9"]
[SourceVersionDate "2018.05.14"]
[WhiteTeam "Kenya"]
[BlackTeam "Ireland"]
[WhiteTeamCountry "KEN"]
[BlackTeamCountry "IRL"]

1. d4 Nf6 2. c4 e6 3. Nc3 Bb4 4. e3 b6 5. Bd3 Bb7 6. f3 O-O 7. Nge2 d6 8. O-O
e5 9. a3 Bxc3 10. Nxc3 a5 11. d5 Na6 12. e4 Nc5 13. Be3 Nfd7 14. Bc2 g6 15. Bh6
Re8 16. Qd2 a4 17. Bg5 f6 18. Be3 Rf8 19. Qd1 Ba6 20. Nxa4 Bxc4 21. Nxc5 bxc5
22. Re1 Qb8 23. b3 Ba6 24. Qd2 1/2-1/2

[Event "2021 FIDE Online Olympiad"]
[Site "Chess.com"]
[Date "2021.08.29"]
[Round "8.6"]
[White "Putar, Lara"]
[Black "Cassidy Maina, Elizabeth"]
[Result "1-0"]
[WhiteElo "1516"]
[BlackElo "1000"]
[PlyCount "39"]
[EventDate "2021.08.27"]
[EventType "team"]
[EventRounds "9"]
[SourceVersionDate "2018.05.14"]
[WhiteTeam "Ireland"]
[BlackTeam "Kenya"]
[WhiteTeamCountry "IRL"]
[BlackTeamCountry "KEN"]

1. d4 Nf6 2. c4 g6 3. Nf3 Bg7 4. g3 O-O 5. Bg2 d6 6. O-O Re8 7. Nc3 e5 8. dxe5
dxe5 9. Qxd8 Rxd8 10. Nxe5 c6 11. Bg5 Be6 12. Rad1 Na6 13. Rxd8+ Rxd8 14. Ne4
Rd4 15. Nxf6+ Bxf6 16. Bxf6 Rd2 17. Nf3 Rxe2 18. Rd1 h6 19. Rd8+ Kh7 20. Rh8#
1-0

[Event "2021 FIDE Online Olympiad"]
[Site "Chess.com"]
[Date "2021.08.29"]
[Round "8.2"]
[White "Baruda, Dabala Fakade"]
[Black "Mirulla, David"]
[Result "1-0"]
[WhiteElo "1000"]
[BlackElo "1790"]
[PlyCount "107"]
[EventDate "2021.08.27"]
[EventType "team"]
[EventRounds "9"]
[SourceVersionDate "2018.05.14"]
[WhiteTeam "Ethiopia"]
[BlackTeam "Cape Verde"]
[WhiteTeamCountry "ETH"]

1. d4 Nf6 2. e3 g6 3. Bd3 Bg7 4. c4 d6 5. Nc3 e5 6. d5 a5 7. h3 Na6 8. Nge2 Nc5
9. O-O O-O 10. e4 Nh5 11. Bc2 f5 12. exf5 gxf5 13. Ng3 Nf4 14. Bxf4 exf4 15.
Nh5 Be5 16. Qf3 Qh4 17. Rab1 Kh8 18. Ne2 Ne4 19. Nexf4 Nd2 20. Qe3 Nxf1 21.
Kxf1 Bd7 22. g3 Qe7 23. Re1 Rae8 24. Qf3 b6 25. Nd3 Qf7 26. Kg2 Bxb2 27. Rxe8
Bxe8 28. Nhf4 Bd7 29. Nxb2 Re8 30. Nd1 Qf6 31. Ne3 Qe5 32. Qh5 Rg8 33. Bxf5
Bxf5 34. Qxf5 Qxf5 35. Nxf5 Re8 36. Ne3 Kg7 37. Kf3 Kf6 38. Ne6 Re7 39. Ng4+
Kf5 40. Ke3 c6 41. f4 h5 42. Nf2 cxd5 43. cxd5 b5 44. g4+ hxg4 45. hxg4+ Kg6
46. f5+ Kf6 47. Kf4 Rh7 48. g5+ Ke7 49. f6+ Kf7 50. Kf5 Rh5 51. Nf4 Rh2 52. g6+
Kg8 53. f7+ Kf8 54. Ne6+ 1-0

[Event "2021 FIDE Online Olympiad"]
[Site "Chess.com"]
[Date "2021.08.29"]
[Round "8.4"]
[White "Tekulu, Masho Beyene"]
[Black "Moreno, Akiane"]
[Result "1-0"]
[WhiteElo "1418"]
[BlackElo "1000"]
[PlyCount "49"]
[EventDate "2021.08.27"]
[EventType "team"]
[EventRounds "9"]
[SourceVersionDate "2018.05.14"]
[WhiteTeam "Ethiopia"]
[BlackTeam "Cape Verde"]
[WhiteTeamCountry "ETH"]

1. c4 e5 2. e3 Bc5 3. a3 Nf6 4. d4 exd4 5. exd4 Bb6 6. c5 Ba5+ 7. b4 Qe7+ 8.
Be2 Bxb4+ 9. axb4 O-O 10. Nf3 d6 11. O-O dxc5 12. bxc5 b6 13. cxb6 axb6 14.
Rxa8 Bd7 15. Ba3 c5 16. dxc5 bxc5 17. Re1 Bc6 18. Bb5 Bxb5 19. Rxe7 Nc6 20.
Rxf8+ Kxf8 21. Rc7 Nb8 22. Qd8+ Ne8 23. Bxc5+ Kg8 24. Qe7 Nc6 25. Qf8# 1-0

[Event "2021 FIDE Online Olympiad"]
[Site "Chess.com"]
[Date "2021.08.29"]
[Round "8.6"]
[White "Lema, Bitaniya Ermiyas"]
[Black "Gomes, Loedi"]
[Result "1-0"]
[WhiteElo "1000"]
[BlackElo "1070"]
[PlyCount "129"]
[EventDate "2021.08.27"]
[EventType "team"]
[EventRounds "9"]
[SourceVersionDate "2018.05.14"]
[WhiteTeam "Ethiopia"]
[BlackTeam "Cape Verde"]
[WhiteTeamCountry "ETH"]

1. e4 e5 2. Nf3 Nc6 3. Bc4 d6 4. O-O Be6 5. Be2 Nf6 6. d4 Be7 7. Bg5 Bg4 8.
Bxf6 Bxf6 9. d5 Ne7 10. h3 Bd7 11. Nc3 a6 12. a4 O-O 13. Bd3 Ng6 14. Nd2 Bg5
15. Ne2 f5 16. exf5 Bxf5 17. Bxf5 Rxf5 18. Ne4 Be7 19. N2g3 Rf7 20. Qg4 Rf4 21.
Qe6+ Kh8 22. Ng5 Nf8 23. Nf7+ Kg8 24. Nxd8+ Nxe6 25. Nxe6 g6 26. Nxc7 Raf8 27.
Ne6 R8f7 28. Nxf4 exf4 29. Ne4 f3 30. gxf3 Rxf3 31. Kg2 Rf4 32. Ng3 h5 33. Rae1
Kf7 34. Re4 Rf6 35. c4 h4 36. Ne2 Rf5 37. Nd4 Rg5+ 38. Rg4 Rxg4+ 39. hxg4 g5
40. f4 Kf6 41. fxg5+ Kxg5 42. Kh3 Kg6 43. Nf5 Bf6 44. Nxh4+ Kg5 45. b3 Bc3 46.
Rf5+ Kh6 47. Rf7 b6 48. Nf5+ Kg6 49. Nxd6 Bb4 50. Rd7 Kf6 51. Ne4+ Ke5 52. Ng5
Kd4 53. d6 Kc3 54. Rb7 Bxd6 55. Rxb6 Bc5 56. Rxa6 Kxb3 57. Ne4 Be3 58. g5 Kxc4
59. g6 Bd4 60. Nf6 Bxf6 61. Rxf6 Kd5 62. g7 Ke5 63. Ra6 Kd5 64. g8=Q+ Kc5 65.
Qg5+ 1-0

[Event "2021 FIDE Online Olympiad"]
[Site "Chess.com"]
[Date "2021.08.29"]
[Round "9.1"]
[White "Baruda, Dabala Fakade"]
[Black "Eiti, Bashir"]
[Result "0-1"]
[WhiteElo "1000"]
[BlackElo "2306"]
[PlyCount "110"]
[EventDate "2021.08.27"]
[EventType "team"]
[EventRounds "9"]
[SourceVersionDate "2018.05.14"]
[WhiteTeam "Ethiopia"]
[BlackTeam "Syria"]
[WhiteTeamCountry "ETH"]
[BlackTeamCountry "SYR"]

1. d4 d5 2. e3 Nf6 3. Bd3 Bg4 4. Nf3 e6 5. h3 Bh5 6. O-O Nbd7 7. Nbd2 c5 8. c3
Be7 9. Re1 O-O 10. Nf1 Bg6 11. Ng3 Bd6 12. Nf1 Bxd3 13. Qxd3 Ne4 14. N3d2 f5
15. f3 Ng5 16. e4 Nxh3+ 17. gxh3 Qg5+ 18. Kf2 fxe4 19. Nxe4 Qh4+ 20. Neg3 Qxh3
21. f4 Bxf4 22. Bxf4 Rxf4+ 23. Ke2 Raf8 24. Kd2 cxd4 25. cxd4 Qg4 26. Ne2 Rf3
27. Ne3 Qg5 28. Rg1 Qe7 29. Raf1 Rxf1 30. Rxf1 Nf6 31. Ng3 Rc8 32. Rc1 Qb4+ 33.
Kd1 Qa4+ 34. Kd2 Rxc1 35. Kxc1 Qxa2 36. Qa3 Qxa3 37. bxa3 h5 38. Ng2 g5 39. Kd1
h4 40. Nf1 Kf7 41. Nge3 Kg6 42. Ke2 g4 43. Nh2 Kg5 44. Nhf1 Kf4 45. Nc2 g3 46.
Nfe3 h3 47. Kf1 Kf3 48. Kg1 h2+ 49. Kh1 Ne4 50. Nd1 Nf2+ 51. Nxf2 gxf2 52. Kxh2
f1=Q 53. Ne3 Qf2+ 54. Kh1 Kxe3 55. a4 Kf3 0-1